000 00624nam a2200181Ia 4500
008 090123s9999 xx 000 0 und d
082 _b37541
100 _aगुजर अनिल
245 _aएका वाईट माणसाची गुढकथा
250 _a1
260 _bनिशिगंधा प्रकाशन
_c2005
300 _a320
600 _aगुजर अनिल
630 _aएका वाईट माणसाची गुढकथा
700 _aगुजर अनिल
730 _aएका वाईट माणसाची गुढकथा
942 _cBOOK
999 _c75608
_d75608